| 000 | 00579nam a2200241 a 4500 | ||
|---|---|---|---|
| 001 | nice12345678 | ||
| 003 | IN_TiNIC | ||
| 005 | 20260116011349.0 | ||
| 008 | 050524s1926 para grp 000 0 fre | ||
| 020 |
_a _c100 |
||
| 082 | 0 | 0 |
_a281.8 _bBLO |
| 100 | _aBlochet, E | ||
| 245 | _aLa Conquete Des Etats Nestoriens | ||
| 260 |
_aParis _bLibrairie Auguste Picard _c1926 |
||
| 300 | _a129p | ||
| 500 | _aincludes index and biblioraphy | ||
| 505 | 2 | _aBibliography | |
| 650 | _aNestorian Church | ||
| 700 | 1 | _aBlochet, E | |
| 902 | _bSRS | ||
| 942 | _cBK | ||
| 999 |
_c869 _d869 |
||